Sports Quiz

Random Sports or WWE Quiz

WWE debut Quiz Stats

 Plays Quiz not verified by Sporcle

Support Sporcle.
Go Orange.
Score 0/50 Timer 20:00
0 Plays Today
Superstar Debut Opponent % Correct
John CenaKurt Angle
94.5%
Randy OrtonHardcore Holly
53.4%
Hulk Hogan (1979 or 2002 accepted)Ted Dibiase
32.4%
CM PunkJustin Credible
29.2%
UndertakerKoko B.Ware
29.2%
CarlitoJohn Cena
25.6%
Alberto Del RioRey Mysterio
24.7%
Rey MysterioChavo Guerrero
22.8%
GoldbergThe Rock
20.1%
Daniel BryanChris Jericho
19.6%
The RockOwen Hart
16%
Kurt AngleShawn Stasiak
16%
Brock LesnarJeff Hardy
16%
Diamond Dallas PageShane McMahon
15.1%
Rob Van DamJeff Hardy
13.2%
Chris JerichoRoad Dogg
12.8%
Dolph ZigglerBatista
11.9%
'Stone Cold' Steve AustinSavio Vega
11.4%
Wade BarrettDaniel Bryan
11%
Chris BenoitTriple H
10.5%
Booker TBuff Bagwell
10%
Cody RhodesRandy Orton
10%
SheamusOliver John
9.1%
MVPMarty Garner
8.7%
The MizTatanka
8.2%
Superstar Debut Opponent % Correct
Chris MastersStevie Richards
8.2%
ChristianEdge
8.2%
John MorrisonCM Punk
7.8%
MankindBob Holly
7.8%
Triple HBuck Zumhoff
7.3%
Big ShowThe Rock
6.8%
Mr KennedyFunaki
6.8%
Kofi KingstonDavid Owen
6.4%
Jack SwaggerJosh Daniels
5.5%
Shawn MichaelsJobber
4.1%
The Great KhaliFunaki
4.1%
EdgeChristian
4.1%
VaderRoyal Rumble
4.1%
Jeff JarrettJohn Chrystal
3.2%
Lex LugerJason Knight
2.7%
KaneAhmed Johnson
2.3%
'Macho Man' Randy SavageIvan Putski
2.3%
Bret HartTed Dibiase
1.8%
Eddie GuerreroChris Jericho
1.8%
BatistaRikishi
1.8%
R-TruthKenny Dykstra
1.4%
Drew McIntyreBrett Major
1.4%
JBLEl Gran Luchadore
0.9%
Ted Dibiase JrKofi Kingston
0.9%
Ric FlairRoyal Rumble
0.5%

You're not logged in!

Compare scores with friends on all Sporcle quizzes.
OR
Log In

From the Vault

One-Word Shakespeare Plays

by oldkent

Shakespeare knew that short titles could still pack a punch.
Remove Ads.
Support Sporcle.
Get the best of Sporcle when you Go Orange. This ad-free experience offers more features, more stats, and more fun while also helping to support Sporcle. Thank you for becoming a member.

Show Comments

Extras

Created Feb 25, 2011ReportNominate
Tags:WWE Quiz, cena, orton, Wrestling

Top Quizzes Today


Score Distribution

Your Account Isn't Verified!

In order to create a playlist on Sporcle, you need to verify the email address you used during registration. Go to your Sporcle Settings to finish the process.

Report this User

Report this user for behavior that violates our Community Guidelines.

Details: